| 000 | 01116cam a22002897a 4500 | ||
|---|---|---|---|
| 003 | MX-MxUPN | ||
| 005 | 20240305063635.0 | ||
| 008 | 240223s2023 mx|ao||br|||| 000 0 spa d | ||
| 020 | _a9786075519616 | ||
| 040 |
_aMX-MxUPN _bspa |
||
| 041 | 0 | _aspa | |
| 050 | 4 |
_aLB1582 M64 _bN84 2023 |
|
| 245 | 0 | 0 |
_aNuestros saberes : _blibro para alumnos, maestros y familia : cuarto grado |
| 250 | _aPrimera edición | ||
| 260 |
_aMéxico, D.F. : _bSecretaría de Educación Pública, Dirección General de Materiales Educativos, _c2023 |
||
| 300 |
_a254 páginas : _bilustraciones a color, fotografías |
||
| 650 | 4 |
_aNueva Escuela Mexicana _951254 |
|
| 650 | 4 |
_97402 _aCiencia _xEstudio y enseñanza (Elemental) |
|
| 650 | 4 |
_92812 _aCiencias naturales _xEstudio y enseñanza (Elemental) |
|
| 650 | 4 |
_92807 _aCivismo _xEstudio y enseñanza (Elemental) |
|
| 650 | 4 |
_951255 _aCiencia _vLibros de texto |
|
| 650 | 4 |
_910151 _aCiencias naturales _vLibros de texto |
|
| 650 | 4 |
_944490 _aCivismo _vLibros de texto |
|
| 902 |
_aGCH230224 _bVíctorGodínez/010324 |
||
| 942 |
_2lcc _cLIBRO |
||
| 999 |
_c211071 _d211071 |
||